| 000 | 01085nam a2200277 i 4500 | ||
|---|---|---|---|
| 001 | 177330 | ||
| 003 | ES-MaACL | ||
| 005 | 20250815121304.0 | ||
| 007 | t| | ||
| 008 | 110315s1975 sp af ||||1| spa d | ||
| 020 | _a84-256-0256-3 | ||
| 080 | _a74 Peláez, Mariano | ||
| 080 | _a75 Peláez, Mariano | ||
| 100 | 1 |
_aPeláez, Mariano. _9145651 |
|
| 245 | 1 | 0 |
_aDibujos de M. Peláez / _cpor Joaquín de la Puente. |
| 260 |
_aMadrid : _bIbérico Europea de Ediciones, _ccop. 1975. |
||
| 300 |
_a[40] p. : _bprincipalmente il. bl. y n. ; _c31 cm. |
||
| 490 | 1 |
_aMaestros contemporáneos del dibujo y la pintura ; _v38 |
|
| 500 | _aEncuadernado con otros títulos. | ||
| 597 | _aEn el lomo: Zacarías González, Pedro Gastó, Baeza, Miguel Villà, Benet, García Llort, Joan Brotat, Mariano Peláez, Ginés Parra, Sobrado. | ||
| 600 | 0 | 4 |
_aPeláez, Mariano. _9145651 |
| 700 | 0 |
_aPuente, Joaquín de la. _994146 |
|
| 830 | 0 | 0 |
_aMaestros contemporáneos del dibujo y la pintura _v38 _9190405 |
| 852 |
_aES-MaACL _jE-14689 (8) _xOlim P-1071 |
||
| 999 |
_c177330 _d177330 |
||